[Event "GER-chT U18 Girls"]
[Site "Karlsruhe"]
[Date "2015.05.10"]
[Round "7.4"]
[White "Hutschenreiter, Pia"]
[Black "Koopmann, Jasmin"]
[Result "0-1"]
[WhiteElo "800"]
[BlackElo "800"]
[PlyCount "132"]
[EventDate "2015.05.07"]
[EventType "team-swiss"]
[EventRounds "7"]
[EventCountry "GER"]
[SourceTitle "EXT 2017"]
[Source "ChessBase"]
[SourceDate "2016.10.25"]
[SourceVersion "1"]
[SourceVersionDate "2016.10.25"]
[SourceQuality "1"]
[WhiteTeam "Dresden Man Gymn (W)"]
[BlackTeam "Lingen Franziskus (W)"]
[WhiteTeamCountry "GER"]
[BlackTeamCountry "GER"]

1. e4 d6 2. Nc3 Nf6 3. Bb5+ c6 4. Ba4 b5 5. Bb3 Bg4 6. Nge2 g6 7. 0-0 Bg7 8. Qe1 0-0 9. Nf4 Bh6 10. Nd3 Qb6 11. Nb4 Nbd7 12. d3 Bg7 13. Qd2 Ne5 14. Qf4 Qa5 15. a3 Rad8 16. Be3 c5 17. Nba2 Nh5 18. Qg5 Rde8 19. Nd5 Be2 20. Rfe1 e6 21. Nf4 c4 22. dxc4 bxc4 23. Bxc4 Bxc4 24. Nc3 Rc8 25. Bd2 Rfe8 26. b4 Qb6 27. Qh4 Nf6 28. Be3 Qc7 29. Rad1 a6 30. Na4 Qc6 31. Bb6 Qxa4 32. Be3 Qxc2 33. Rc1 Qa4 34. Bd2 Nd3 35. Nxd3 Bxd3 36. Ra1 Rc2 37. Qf4 Rec8 38. Qe3 Bb5 39. Rab1 Bc6 40. Red1 Nxe4 41. Be1 d5 42. Bd2 d4 43. Qe2 Bb5 44. Qe1 Bc6 45. Qe2 Qxa3 46. Qe1 Rb2 47. b5 axb5 48. Bb4 Qb3 49. h3 Bf8 50. Ba5 Ra8 51. Bb6 Bb4 52. Qf1 Rxb1 53. Rxb1 Qc4 54. Qd1 Nc3 55. Qc1 Nxb1 56. Qxb1 Qd5 57. Qf1 Rb8 58. Bc7 Ra8 59. Bg3 d3 60. Bf4 d2 61. Bxd2 Qxd2 62. f3 Bc5+ 63. Kh2 Qf4+ 64. Kh1 Ra2 65. h4 Bd6 66. Kg1 Qh2# 0-1